Guidelines for utilization of skilled volunteers in flood (Record no. 553685)

000 -LEADER
fixed length control field 00342nam a22001337a 4500
082 ## - DEWEY DECIMAL CLASSIFICATION NUMBER
Classification number T-197
100 ## - MAIN ENTRY--PERSONAL NAME
Personal name Engr Mansoor Afzal
9 (RLIN) 50927
245 ## - TITLE STATEMENT
Title Guidelines for utilization of skilled volunteers in flood
260 ## - PUBLICATION, DISTRIBUTION, ETC.
Place of publication, distribution, etc. Risalpur,
Name of publisher, distributor, etc. MCE,
Date of publication, distribution, etc. 2014
300 ## - PHYSICAL DESCRIPTION
Extent 71p.
526 ## - STUDY PROGRAM INFORMATION NOTE
Program name 0
Interest level 0
Reading level 0
Title point value T_197
650 ## - SUBJECT ADDED ENTRY--TOPICAL TERM
Topical term or geographic name entry element thesis
9 (RLIN) 34811
942 ## - ADDED ENTRY ELEMENTS (KOHA)
Source of classification or shelving scheme
Koha item type Book
Holdings
Withdrawn status Lost status Source of classification or shelving scheme Damaged status Not for loan Permanent Location Current Location Date acquired Total Checkouts Full call number Barcode Date last seen Date last checked out Price effective from Koha item type
          Military College of Engineering (MCE) Military College of Engineering (MCE) 04/04/2016 1 T-197 MCE-T-197 02/28/2017 02/15/2017 04/04/2016 Book
© 2023 Central Library, National University of Sciences and Technology. All Rights Reserved.